| 000 | 00930nam a22002177a 4500 | ||
|---|---|---|---|
| 003 | UA-OsUOA | ||
| 001 | 81332 | ||
| 007 | ta | ||
| 008 | 20120125b un ||||| |||| 00| 0 ukr d | ||
| 090 |
_a811.161.2(082) _bТ29 |
||
| 942 | _cBK | ||
| 040 |
_aUA-OsUOA _bukr _cUA-OsUOA _dUA-OsUOA |
||
| 245 |
_aТези наукової конференції з проблем сучасного українського правопису і термінології _bз нагоди 70-річчя першої Всеукраїнської правописної конференції у Харкові 1927 р. 12 - 12 грудня 1997 р. _cгол. ред. Жулинський М.Г. |
||
| 300 | _a110 с. | ||
| 955 | _a1 | ||
| 041 | _aukr | ||
| 080 | _a811.161.2(082) | ||
| 260 |
_aК. _c1997 |
||
| 650 | 7 |
_a8 Мовознавство. Художня література. Літературознавство _2UDC |
|
| 999 |
_c367645 _d367645 |
||